<?xml version="1.0" encoding="UTF-8"?>
<record
    xmlns:xsi="http://www.w3.org/2001/XMLSchema-instance"
    xsi:schemaLocation="http://www.loc.gov/MARC21/slim http://www.loc.gov/standards/marcxml/schema/MARC21slim.xsd"
    xmlns="http://www.loc.gov/MARC21/slim">

  <leader>00807nam a22002297a 4500</leader>
  <controlfield tag="003">OSt</controlfield>
  <controlfield tag="005">20240103165221.0</controlfield>
  <controlfield tag="008">240103b        |||||||| |||| 00| 0 eng d</controlfield>
  <datafield tag="020" ind1=" " ind2=" ">
    <subfield code="a">9789966482167 (Maroon vinyl)</subfield>
  </datafield>
  <datafield tag="040" ind1=" " ind2=" ">
    <subfield code="a">DLC</subfield>
    <subfield code="c">DLC</subfield>
    <subfield code="d">DLC</subfield>
  </datafield>
  <datafield tag="050" ind1=" " ind2=" ">
    <subfield code="a">BS325</subfield>
    <subfield code="b">.E48 2012</subfield>
  </datafield>
  <datafield tag="130" ind1=" " ind2=" ">
    <subfield code="a">Bible. Embu. 2012.</subfield>
    <subfield code="9">55805</subfield>
  </datafield>
  <datafield tag="245" ind1=" " ind2=" ">
    <subfield code="a">&#xCE;vuku r&#xEE;a &#xFB;voro mwaro : </subfield>
    <subfield code="b">k&#xEE;k&#xEE;kan&#xEE;ro k&#xEE;r&#xEE;a g&#xEE;k&#xFB;r&#xFB; na k&#xEE;r&#xEE;a g&#xEE;cer&#xFB;.</subfield>
  </datafield>
  <datafield tag="260" ind1=" " ind2=" ">
    <subfield code="a">Nairobi : </subfield>
    <subfield code="b">Bible Society of Kenya, </subfield>
    <subfield code="c">c2012.</subfield>
  </datafield>
  <datafield tag="300" ind1=" " ind2=" ">
    <subfield code="a">x, 1102, 387 pages </subfield>
    <subfield code="b">illustrations, maps, 22 cm</subfield>
  </datafield>
  <datafield tag="500" ind1=" " ind2=" ">
    <subfield code="a">Title on title page verso: Holy Bible in K&#xEE;embu Kimbeere language
[Africana]</subfield>
  </datafield>
  <datafield tag="501" ind1=" " ind2=" ">
    <subfield code="a">In Kimbeere.</subfield>
  </datafield>
  <datafield tag="630" ind1=" " ind2=" ">
    <subfield code="a">Bible. </subfield>
    <subfield code="l">Embu.</subfield>
    <subfield code="9">55806</subfield>
  </datafield>
  <datafield tag="650" ind1=" " ind2=" ">
    <subfield code="a">Embu language</subfield>
    <subfield code="v">Texts.</subfield>
    <subfield code="9">55807</subfield>
  </datafield>
  <datafield tag="710" ind1=" " ind2=" ">
    <subfield code="a">Bible Society of Kenya</subfield>
    <subfield code="9">55779</subfield>
  </datafield>
  <datafield tag="942" ind1=" " ind2=" ">
    <subfield code="2">lcc</subfield>
    <subfield code="c">AFR(R)</subfield>
  </datafield>
  <datafield tag="999" ind1=" " ind2=" ">
    <subfield code="c">67810</subfield>
    <subfield code="d">67784</subfield>
  </datafield>
  <datafield tag="952" ind1=" " ind2=" ">
    <subfield code="0">0</subfield>
    <subfield code="1">0</subfield>
    <subfield code="2">lcc</subfield>
    <subfield code="4">0</subfield>
    <subfield code="7">0</subfield>
    <subfield code="8">REF</subfield>
    <subfield code="a">CPL</subfield>
    <subfield code="b">CPL</subfield>
    <subfield code="c">REF</subfield>
    <subfield code="d">2023-10-30</subfield>
    <subfield code="e">Donation - Prof. Robert Priest</subfield>
    <subfield code="g">9.09</subfield>
    <subfield code="l">0</subfield>
    <subfield code="o">REF BS 325.E48 2012</subfield>
    <subfield code="p">T16890W3232</subfield>
    <subfield code="r">2024-01-03 16:54:38</subfield>
    <subfield code="t">1</subfield>
    <subfield code="w">2024-01-03</subfield>
    <subfield code="y">AFR(R)</subfield>
  </datafield>
</record>
